| 000 | 00563nam a2200193Ia 4500 | ||
|---|---|---|---|
| 999 |
_c15099 _d15099 |
||
| 003 | OSt | ||
| 005 | 20201113154648.0 | ||
| 008 | 190216s9999||||xx |||||||||||||| ||und|| | ||
| 020 | _a8189066196 | ||
| 040 | _coclc425 | ||
| 082 |
_a425 _bKHU/E |
||
| 100 |
_a Khurana, Kavita _96529 |
||
| 245 | 0 |
_aEncylopedia Of English Grammar & Composition / _cKavita Khurana |
|
| 250 | _a1st Ed. | ||
| 260 |
_bEnglish Editions Pub & Dist, _c2004. _aMumbai: |
||
| 300 | _a620p | ||
| 650 | _aEnglish Grammar | ||
| 942 |
_cBK _2ddc _h425 _iKHU/E _k425 _mKHU/E |
||